Palabras del señor presidente Cesar Gaviria, en la instalación de la asamblea constituyente : (Registro nro. 4823)
[ vista simple ]
| 000 -LEADER | |
|---|---|
| fixed length control field | 00717nam a2200193Ia 4500 |
| 003 - CONTROL NUMBER IDENTIFIER | |
| control field | OSt |
| 005 - DATE AND TIME OF LATEST TRANSACTION | |
| control field | 20200429182346.0 |
| 008 - FIXED-LENGTH DATA ELEMENTS--GENERAL INFORMATION | |
| fixed length control field | 191128s1991 ck gr 000 0 spa d |
| 040 ## - CATALOGING SOURCE | |
| Original cataloging agency | CO-JMCR |
| Transcribing agency | CO-JMCR |
| 041 0# - LANGUAGE CODE | |
| Language code of text/sound track or separate title | spa |
| 082 04 - DEWEY DECIMAL CLASSIFICATION NUMBER | |
| Classification number | 324.861 / |
| Item number | C646p4 |
| Edition number | 23 |
| 110 1# - MAIN ENTRY--CORPORATE NAME | |
| Corporate name or jurisdiction name as entry element | Colombia. |
| Subordinate unit | Presidente (1992-1994 : Gaviria) |
| 9 (RLIN) | 3733 |
| 245 10 - TITLE STATEMENT | |
| Title | Palabras del señor presidente Cesar Gaviria, en la instalación de la asamblea constituyente : |
| Remainder of title | febrero 5 de 1991 / |
| Statement of responsibility, etc. | César Gaviria Trujillo |
| 260 ## - PUBLICATION, DISTRIBUTION, ETC. | |
| Place of publication, distribution, etc. | Bogotá : |
| Name of publisher, distributor, etc. | Presidencia de República, |
| Date of publication, distribution, etc. | 1991 |
| 300 ## - PHYSICAL DESCRIPTION | |
| Extent | 36 páginas ; |
| Dimensions | 23 cm. |
| 600 1# - SUBJECT ADDED ENTRY--PERSONAL NAME | |
| Source of heading or term | Gaviria Trujillo, César, 1992-1994. Presidente |
| 650 14 - SUBJECT ADDED ENTRY--TOPICAL TERM | |
| Topical term or geographic name entry element | Discursos presidenciales |
| Geographic subdivision | Colombia |
| 9 (RLIN) | 3734 |
| 942 ## - ADDED ENTRY ELEMENTS (KOHA) | |
| Source of classification or shelving scheme | Dewey Decimal Classification |
| Koha item type | Books |
| Withdrawn status | Lost status | Source of classification or shelving scheme | Damaged status | Not for loan | Collection code | Home library | Current library | Date acquired | Source of acquisition | Cost, normal purchase price | Total Checkouts | Full call number | Barcode | Date last seen | Date last checked out | Copy number | Koha item type |
|---|---|---|---|---|---|---|---|---|---|---|---|---|---|---|---|---|---|
| Dewey Decimal Classification | Non-fiction | Biblioteca Pública José María del Castillo y Rada | Biblioteca Pública José María del Castillo y Rada | 04/15/2018 | Donación | 0.00 | 1 | 324.861 / C646p4 | 430000621 | 10/02/2024 | 10/01/2024 | Ej.1 | Books |